[Event "Quebec op"]
[Site "Montreal CAN"]
[Date "2004.07.18"]
[Round "2"]
[White "Pepin, Christian"]
[Black "Dumouchel, Alain"]
[Result "0-1"]
[WhiteElo "2150"]
[BlackElo "2101"]
[PlyCount "52"]
[GameId "2160767911095006"]
[EventDate "2004.07.17"]
[EventType "swiss"]
[EventRounds "9"]
[EventCountry "CAN"]

1. e4 e5 2. Nf3 Nc6 3. Bb5 a6 4. Ba4 Nf6 5. d3 b5 6. Bb3 Bc5 7. O-O O-O 8. Nc3 Bb7 9. Nd5 Nxd5 10. Bxd5 Qf6 11. Qe2 Rab8 12. Be3 Nd4 13. Bxd4 exd4 14. Bxb7 Rxb7 15. b3 Re8 16. a4 d5 17. axb5 axb5 18. Nd2 Bd6 19. f4 Bxf4 20. exd5 Qd8 21. Ne4 Be3+ 22. Kh1 Qxd5 23. Ra6 f5 24. Qf3 fxe4 25. dxe4 Qd7 26. e5 Rbb8 0-1

[Event "Quebec op"]
[Site "Montreal CAN"]
[Date "2004.07.18"]
[Round "2"]
[White "Poulin, Maurice"]
[Black "Bouchard, Jean-Marc"]
[Result "0-1"]
[WhiteElo "2043"]
[BlackElo "1968"]
[PlyCount "56"]
[GameId "2160767911095007"]
[EventDate "2004.07.17"]
[EventType "swiss"]
[EventRounds "9"]
[EventCountry "CAN"]

1. e4 e6 2. d4 d5 3. e5 Bd7 4. Nf3 a6 5. a4 c5 6. dxc5 Bxc5 7. Bd3 Ne7 8. h4 Nbc6 9. h5 Qb6 10. Qe2 Nb4 11. Kf1 Nxd3 12. cxd3 h6 13. Be3 Bxe3 14. fxe3 O-O 15. d4 f6 16. Kg1 Nc6 17. exf6 Rxf6 18. Nc3 Raf8 19. Rb1 Rf5 20. b3 Be8 21. a5 Qb4 22. Qd3 Bxh5 23. Nh4 Rg5 24. Rh3 Bg4 25. Rg3 Nxa5 26. e4 Nxb3 27. exd5 exd5 28. Nf3 Bf5 0-1

[Event "Quebec op"]
[Site "Montreal CAN"]
[Date "2004.07.18"]
[Round "2"]
[White "Robidas, Francois"]
[Black "Caceres Cortes, Julio"]
[Result "1-0"]
[WhiteElo "1959"]
[BlackElo "2054"]
[PlyCount "63"]
[GameId "2160767911095009"]
[EventDate "2004.07.17"]
[EventType "swiss"]
[EventRounds "9"]
[EventCountry "CAN"]

1. e4 e6 2. d4 d5 3. e5 c5 4. c3 Nc6 5. Nf3 Qb6 6. Be2 cxd4 7. cxd4 Bb4+ 8. Kf1 h5 9. a3 Be7 10. b4 Nh6 11. Nc3 Nf5 12. Be3 Bd7 13. Na4 Nxe3+ 14. fxe3 Qc7 15. Rc1 a6 16. Nc5 h4 17. Kf2 h3 18. g3 Kf8 19. Rf1 g6 20. Kg1 Kg7 21. Bd3 Rad8 22. Qc2 Qb8 23. Qf2 Be8 24. Kh1 Rh6 25. Ng1 Rc8 26. Qf4 Rh5 27. g4 Bg5 28. Nxe6+ fxe6 29. Qf8+ Kh7 30. gxh5 Bxe3 31. hxg6+ Bxg6 32. Rf7# 1-0

[Event "Quebec op"]
[Site "Montreal CAN"]
[Date "2004.07.18"]
[Round "2"]
[White "Rosen, Matthew"]
[Black "Arsenault, Nicolas"]
[Result "1/2-1/2"]
[WhiteElo "2201"]
[BlackElo "2129"]
[PlyCount "130"]
[GameId "2160767911095010"]
[EventDate "2004.07.17"]
[EventType "swiss"]
[EventRounds "9"]
[EventCountry "CAN"]
[SourceTitle "CBM 101 Extra"]
[Source "ChessBase"]
[SourceDate "2004.09.01"]
[SourceVersion "2"]
[SourceVersionDate "2004.09.01"]
[SourceQuality "1"]

1. c4 Nf6 2. Nc3 g6 3. g3 Bg7 4. Bg2 O-O 5. Nf3 d6 6. d4 Nbd7 7. O-O e5 8. e4 a6 9. Re1 exd4 10. Nxd4 Ne5 11. b3 c5 12. Nc2 b5 13. cxb5 axb5 14. Nxb5 Ba6 15. Nxd6 Nd3 16. e5 Nxe1 17. Bxa8 Nxc2 18. Qxc2 Qxa8 19. exf6 Bxf6 20. Bb2 Bd3 21. Qd2 Bxb2 22. Qxb2 Qd5 23. Qf6 Ba6 24. Re1 Bb7 25. Nxb7 Qxb7 26. Qe7 Qc6 27. Qe4 Qa6 28. Qc2 Qa3 29. Re5 Rc8 30. Qe2 Kg7 31. Re7 Qc1+ 32. Kg2 Qc3 33. Qe5+ Qxe5 34. Rxe5 Kf6 35. Re2 Ra8 36. Kf3 h5 37. h4 Ra7 38. Ke4 Ke6 39. Kd3+ Kd5 40. a4 Kc6 41. Ke4 Kd6 42. Kf4 Rb7 43. Re3 f6 44. Rd3+ Kc6 45. Ke3 Rb4 46. Kd2 g5 47. Rf3 gxh4 48. Rxf6+ Kb7 49. gxh4 Rxh4 50. f4 Rh3 51. Kc2 h4 52. Rh6 Rh1 53. Kd3 h3 54. Kc4 Rc1+ 55. Kb5 Rc3 56. Rh7+ Kc8 57. b4 cxb4 58. Kxb4 Rf3 59. Rh4 h2 60. Rxh2 Rxf4+ 61. Kb5 Rf5+ 62. Kc6 Rf6+ 63. Kd5 Kc7 64. Rb2 Rf5+ 65. Kc4 Kc6 1/2-1/2

[Event "Quebec op"]
[Site "Montreal CAN"]
[Date "2004.07.18"]
[Round "2"]
[White "Rousseau, Daniel"]
[Black "Cazelais, Marc"]
[Result "1/2-1/2"]
[WhiteElo "2109"]
[BlackElo "2133"]
[PlyCount "115"]
[GameId "2160767911095011"]
[EventDate "2004.07.17"]
[EventType "swiss"]
[EventRounds "9"]
[EventCountry "CAN"]
[SourceTitle "CBM 101 Extra"]
[Source "ChessBase"]
[SourceDate "2004.09.01"]
[SourceVersion "2"]
[SourceVersionDate "2004.09.01"]
[SourceQuality "1"]

1. e4 g6 2. d4 Bg7 3. Nc3 c6 4. Bc4 d5 5. exd5 b5 6. Bb3 b4 7. Nce2 cxd5 8. Nf3 Nf6 9. O-O O-O 10. Ne5 Bb7 11. Bd2 a5 12. Ba4 Nbd7 13. Bxd7 Nxd7 14. Nxd7 Qxd7 15. Re1 Rfe8 16. a3 Qb5 17. Be3 e6 18. Qd2 Rec8 19. Rec1 Ba6 20. Nf4 bxa3 21. bxa3 Qa4 22. c3 Rab8 23. Nd3 Bxd3 24. Qxd3 Qb5 25. Qxb5 Rxb5 26. a4 Rb3 27. Rab1 Rcb8 28. Rxb3 Rxb3 29. g3 Kf8 30. c4 dxc4 31. Rxc4 Rb4 32. Rc8+ Ke7 33. Rc7+ Kf6 34. h4 h6 35. g4 g5 36. hxg5+ hxg5 37. Rc5 Rxa4 38. Kg2 Bh6 39. Bd2 Kg6 40. Bc3 Bg7 41. Rxa5 Rxa5 42. Bxa5 Bxd4 43. f3 f6 44. Kf1 Kf7 45. Ke2 Ke7 46. Kd3 Be5 47. Ke4 Kf7 48. Bd2 Kg6 49. Bc1 Bc7 50. Bb2 f5+ 51. Kd3 Bf4 52. Bc3 Kf7 53. Bb4 Ke8 54. Kc4 fxg4 55. fxg4 Kd7 56. Kd3 Kc6 57. Ke4 Kb5 58. Be7 1/2-1/2

[Event "Quebec op"]
[Site "Montreal CAN"]
[Date "2004.07.18"]
[Round "2"]
[White "Singher, Jean-Pierre"]
[Black "Yao, Sammy"]
[Result "1-0"]
[WhiteElo "1935"]
[BlackElo "1939"]
[PlyCount "154"]
[GameId "2160767911095012"]
[EventDate "2004.07.17"]
[EventType "swiss"]
[EventRounds "9"]
[EventCountry "CAN"]

1. d4 Nf6 2. c4 g6 3. Nc3 Bg7 4. g3 d6 5. Bg2 O-O 6. Nf3 Nbd7 7. O-O e5 8. h3 exd4 9. Qxd4 Nc5 10. Qh4 Nfd7 11. Bg5 f6 12. b4 Ne6 13. Bh6 Ne5 14. Bxg7 Nxg7 15. Nxe5 fxe5 16. Qxd8 Rxd8 17. Nd5 Ne6 18. Rfd1 c6 19. Nf6+ Kf7 20. Ne4 Ke7 21. h4 Nc7 22. Rd2 Be6 23. Rc1 Ne8 24. Ng5 Bg8 25. a4 Rac8 26. Bh3 Rc7 27. Rc3 Nf6 28. Bg2 h6 29. Ne4 Be6 30. Nxf6 Kxf6 31. e3 a6 32. Rcc2 Bf5 33. e4 Be6 34. Bf3 Ke7 35. Kf1 Rf8 36. Ke2 a5 37. b5 cxb5 38. cxb5 Rfc8 39. Rxc7+ Rxc7 40. Rb2 Rc4 41. Ke3 Rxa4 42. Be2 Ra3+ 43. Kd2 Ra2 44. Rxa2 Bxa2 45. b6 Be6 46. Ba6 Bc8 47. Bc4 Kd8 48. Bd5 Ke7 49. Kc3 Kf6 50. f4 exf4 51. gxf4 g5 52. hxg5+ hxg5 53. fxg5+ Kxg5 54. Kc4 Kf6 55. Kb5 Ke5 56. Kxa5 Kd4 57. Kb4 Ke5 58. Kc3 Kf6 59. Kd4 Ke7 60. Ke3 Kf6 61. Kf4 Ke7 62. Kg5 Kf8 63. Kf6 Ke8 64. Bf7+ Kd8 65. Be6 Bd7 66. Bd5 Bc8 67. Kf7 Bd7 68. Bxb7 Bg4 69. Bd5 Bh3 70. Be6 Bf1 71. Kf6 Bb5 72. Kf5 Bc6 73. Kf4 Bb5 74. Kf5 Bc6 75. Kf4 Bb5 76. Ke3 Ba6 77. Kd4 Bb7 1-0

[Event "Quebec op"]
[Site "Montreal CAN"]
[Date "2004.07.18"]
[Round "2"]
[White "Spicer, Christopher"]
[Black "Landry, Sylvain"]
[Result "0-1"]
[WhiteElo "1966"]
[BlackElo "2079"]
[PlyCount "60"]
[GameId "2160767911095013"]
[EventDate "2004.07.17"]
[EventType "swiss"]
[EventRounds "9"]
[EventCountry "CAN"]

1. e4 c5 2. Nf3 d6 3. d4 cxd4 4. Nxd4 Nf6 5. Nc3 a6 6. Bg5 e6 7. f4 Nbd7 8. Qf3 Qc7 9. O-O-O b5 10. Bxb5 axb5 11. Ndxb5 Qb6 12. e5 Bb7 13. Rxd6 Qxb5 14. Nxb5 Bxf3 15. Nc7+ Kd8 16. Rxd7+ Kxd7 17. Nxa8 Bxa8 18. exf6 g6 19. Rd1+ Kc7 20. f5 e5 21. fxg6 hxg6 22. Re1 Bd6 23. h4 Bxg2 24. a3 e4 25. Re3 Be5 26. c4 Rd8 27. Kc2 Bf1 28. c5 Bd3+ 29. Kc1 Rb8 30. Rh3 Rxb2 0-1

[Event "Quebec op"]
[Site "Montreal CAN"]
[Date "2004.07.18"]
[Round "2"]
[White "Zafirov, Stephane"]
[Black "Masse, Hugues"]
[Result "0-1"]
[WhiteElo "2050"]
[BlackElo "2231"]
[PlyCount "56"]
[GameId "2160767911095014"]
[EventDate "2004.07.17"]
[EventType "swiss"]
[EventRounds "9"]
[EventCountry "CAN"]

1. e4 e5 2. Nf3 Nc6 3. Bc4 Bc5 4. c3 Nf6 5. d4 exd4 6. cxd4 Bb4+ 7. Nc3 Nxe4 8. O-O Bxc3 9. d5 Bf6 10. Re1 Ne7 11. Rxe4 d6 12. Bg5 Bxg5 13. Nxg5 h6 14. Bb5+ Bd7 15. Qe2 Bxb5 16. Qxb5+ Qd7 17. Qe2 Kf8 18. Nxf7 Kxf7 19. Re1 Ng8 20. Re6 h5 21. g4 hxg4 22. Qxg4 Kf8 23. R1e3 Qf7 24. Rf3 Nf6 25. Qd4 Rh6 26. Qe3 Qg6+ 27. Rg3 Qb1+ 28. Kg2 Rg6 0-1

[Event "Quebec op"]
[Site "Montreal CAN"]
[Date "2004.07.18"]
[Round "3"]
[White "Audet-Bouchard, Nicolas"]
[Black "Garcia, Gildardo"]
[Result "0-1"]
[WhiteElo "2079"]
[BlackElo "2461"]
[PlyCount "57"]
[GameId "2160767911095015"]
[EventDate "2004.07.17"]
[EventType "swiss"]
[EventRounds "9"]
[EventCountry "CAN"]

1. e4 c5 2. Nf3 Nc6 3. d4 cxd4 4. Nxd4 g6 5. Nc3 Bg7 6. Be3 Nf6 7. Bc4 Qa5 8. Qd2 Nxe4 9. Nxc6 Qxc3 10. Qxc3 Bxc3+ 11. bxc3 dxc6 12. f3 Nd6 13. Bb3 a5 14. a4 Bf5 15. Ke2 Kd7 16. Rhd1 Rhc8 17. Bxf7 Bxc2 18. Rd2 Bf5 19. Rad1 Be6 20. Bxe6+ Kxe6 21. Bc5 Rd8 22. Bb6 Re8 23. Bc5 Kf7 24. Kf2 Nc4 25. Rd4 b5 26. Re1 e5 27. Rd7+ Ke6 28. Rxh7 Nb2 29. Re3 0-1

[Event "Quebec op"]
[Site "Montreal CAN"]
[Date "2004.07.18"]
[Round "3"]
[White "Bolduc, Steve"]
[Black "Plante, Michel"]
[Result "1-0"]
[WhiteElo "2145"]
[BlackElo "2009"]
[PlyCount "83"]
[GameId "2160767911095016"]
[EventDate "2004.07.17"]
[EventType "swiss"]
[EventRounds "9"]
[EventCountry "CAN"]

1. d4 d5 2. c4 e6 3. Nf3 c6 4. Nbd2 Nf6 5. e3 Nbd7 6. b3 Bd6 7. Bb2 Ne4 8. Bd3 f5 9. O-O Qf6 10. Ne1 O-O 11. g3 Qh6 12. Qe2 Rf6 13. f4 g5 14. Ndf3 gxf4 15. exf4 Rg6 16. Ne5 Rg7 17. Bxe4 fxe4 18. Ng2 Nf6 19. Ne3 Qh3 20. Qg2 Qxg2+ 21. Kxg2 Bxe5 22. fxe5 Ng4 23. Nxg4 Rxg4 24. h3 Rg6 25. Rf4 Rg5 26. g4 h5 27. Raf1 hxg4 28. Rf8+ Kh7 29. R1f7+ Rg7 30. hxg4 b6 31. Bc1 Bb7 32. Rxg7+ Kxg7 33. Rf6 Re8 34. cxd5 cxd5 35. Bh6+ Kh7 36. g5 Re7 37. Bf8 Re8 38. g6+ Kg8 39. g7 Ba6 40. Rh6 Rxf8 41. gxf8=Q+ Kxf8 42. Kf2 1-0

[Event "Quebec op"]
[Site "Montreal CAN"]
[Date "2004.07.18"]
[Round "3"]
[White "Castaneda, Nelson"]
[Black "Zafirov, Stephane"]
[Result "1-0"]
[WhiteElo "2258"]
[BlackElo "2050"]
[PlyCount "57"]
[GameId "2160767911095017"]
[EventDate "2004.07.17"]
[EventType "swiss"]
[EventRounds "9"]
[EventCountry "CAN"]

1. d4 Nf6 2. c4 g6 3. Nc3 Bg7 4. e4 d6 5. Nf3 O-O 6. Be2 Nc6 7. O-O e5 8. d5 Ne7 9. Ne1 Ne8 10. Be3 f5 11. f3 h6 12. c5 g5 13. Rc1 Rf7 14. Nb5 a6 15. cxd6 cxd6 16. Nc3 Ng6 17. Na4 Rb8 18. Bb6 Qf6 19. Ba7 Ra8 20. Nb6 Rxa7 21. Rxc8 Rf8 22. Nd7 Qf7 23. Nxf8 Bxf8 24. Nd3 Nf6 25. Qc1 b5 26. Qe3 Nf4 27. Rfc1 N6h5 28. Nxf4 Nxf4 29. Bf1 1-0

[Event "Quebec op"]
[Site "Montreal CAN"]
[Date "2004.07.18"]
[Round "3"]
[White "Dumouchel, Alain"]
[Black "Khassanov, Marat"]
[Result "0-1"]
[WhiteElo "2101"]
[BlackElo "2342"]
[PlyCount "80"]
[GameId "2160767911095018"]
[EventDate "2004.07.17"]
[EventType "swiss"]
[EventRounds "9"]
[EventCountry "CAN"]

1. e4 e5 2. Nf3 Nc6 3. Bb5 Nge7 4. O-O d6 5. d4 Bd7 6. c3 a6 7. Bc4 Na5 8. Bd3 Ng6 9. b4 Nc6 10. d5 Nb8 11. c4 a5 12. bxa5 Rxa5 13. Bd2 Ra8 14. Nc3 Be7 15. Qb3 Na6 16. Qxb7 Nc5 17. Qb1 Bg4 18. Be2 O-O 19. Ne1 Bg5 20. Bxg5 Qxg5 21. Bxg4 Qxg4 22. Qd1 Qxd1 23. Rxd1 Ra3 24. Rc1 Nf4 25. Kh1 f5 26. exf5 Rxf5 27. Rc2 Rf7 28. Nf3 h6 29. Rb1 Kh7 30. Ne1 e4 31. Nb5 Ra4 32. a3 Nfd3 33. f4 exf3 34. Nxd3 Nxd3 35. Nd4 g5 36. g4 Rf4 37. Ne6 Rfxc4 38. Rd2 Ne5 39. h3 Rxa3 40. Rb8 Rc1+ 0-1

[Event "Quebec op"]
[Site "Montreal CAN"]
[Date "2004.07.18"]
[Round "3"]
[White "Feoktistov, Dmitri"]
[Black "Michaud, Gerald"]
[Result "1-0"]
[WhiteElo "2239"]
[BlackElo "1973"]
[PlyCount "91"]
[GameId "2160767911095019"]
[EventDate "2004.07.17"]
[EventType "swiss"]
[EventRounds "9"]
[EventCountry "CAN"]

1. e4 e6 2. d4 d5 3. Nd2 Nf6 4. e5 Nfd7 5. f4 c5 6. c3 Nc6 7. Ndf3 Qb6 8. g3 cxd4 9. cxd4 Bb4+ 10. Kf2 O-O 11. Bh3 Be7 12. Ne2 a5 13. Kg2 Ndb8 14. g4 Na6 15. Rg1 Bd7 16. Kh1 Rac8 17. f5 Ncb4 18. Nc3 Kh8 19. a3 Nc6 20. g5 exf5 21. Nxd5 Qd8 22. Nf4 Nxd4 23. Nxd4 Rc4 24. Nf3 Bc6 25. Bg2 Qb6 26. Nd5 Qc5 27. Nxe7 Qxe7 28. Qd6 Re8 29. Qxe7 Rxe7 30. Rd1 g6 31. Rd8+ Kg7 32. Bd2 Nc5 33. Rc1 Rxc1+ 34. Bxc1 Ne6 35. Rd1 Rc7 36. Be3 Ba4 37. Rd6 Rc2 38. Nd4 Rxb2 39. Nxe6+ fxe6 40. Rxe6 Rb1+ 41. Bg1 Kf7 42. Rb6 Rd1 43. Bxb7 Bc2 44. Kg2 a4 45. e6+ Ke8 46. Bc5 1-0

[Event "Quebec op"]
[Site "Montreal CAN"]
[Date "2004.07.18"]
[Round "3"]
[White "Laframboise, Marc-Andre"]
[Black "Robidas, Francois"]
[Result "1-0"]
[WhiteElo "2215"]
[BlackElo "1959"]
[PlyCount "81"]
[GameId "2160767911095021"]
[EventDate "2004.07.17"]
[EventType "swiss"]
[EventRounds "9"]
[EventCountry "CAN"]

1. d4 d5 2. c4 e6 3. Nc3 c5 4. cxd5 exd5 5. Nf3 Nc6 6. g3 Nf6 7. Bg2 Be7 8. O-O O-O 9. Bg5 cxd4 10. Nxd4 Re8 11. h3 h6 12. Be3 a6 13. Rc1 Ne5 14. b3 Ng6 15. Nc2 Be6 16. Bd4 Ne4 17. Ne3 Qd7 18. h4 Nxc3 19. Bxc3 Bc5 20. Nxd5 Rad8 21. Ba5 b6 22. Rxc5 bxc5 23. Bxd8 Rxd8 24. Ne3 Qd2 25. h5 Ne5 26. Qa1 Qd4 27. Qxd4 cxd4 28. Rd1 Rd7 29. Nc2 d3 30. exd3 Bg4 31. Re1 Nxd3 32. Re8+ Kh7 33. Be4+ f5 34. Ne3 fxe4 35. Nxg4 Nc5 36. Ne5 Rd1+ 37. Kg2 g5 38. hxg6+ Kg7 39. Re7+ Kf6 40. g7 Rd8 41. Rf7+ 1-0

[Event "Quebec op"]
[Site "Montreal CAN"]
[Date "2004.07.18"]
[Round "3"]
[White "Landry, Sylvain"]
[Black "Lawson, Eric"]
[Result "1/2-1/2"]
[WhiteElo "2099"]
[BlackElo "2365"]
[PlyCount "96"]
[GameId "2160767911095022"]
[EventDate "2004.07.17"]
[EventType "swiss"]
[EventRounds "9"]
[EventCountry "CAN"]

1. e4 c5 2. Nf3 Nc6 3. d4 cxd4 4. Nxd4 Nf6 5. Nc3 e5 6. Ndb5 d6 7. Bg5 a6 8. Na3 b5 9. Bxf6 gxf6 10. Nd5 Bg7 11. Bd3 Ne7 12. Qh5 Nxd5 13. exd5 e4 14. Be2 f5 15. c3 b4 16. Nb1 bxc3 17. Nxc3 Rb8 18. O-O Rxb2 19. Rac1 O-O 20. Bc4 Kh8 21. Bb3 Be5 22. Nd1 Rd2 23. Ne3 f4 24. Nc4 Rxd5 25. Nb6 Qxb6 26. Bxd5 Bb7 27. Rb1 Qxb1 28. Rxb1 Bxd5 29. Qf5 e3 30. fxe3 fxe3 31. Rb4 Rg8 32. g3 Bxa2 33. Rh4 Rg6 34. Re4 Bb1 35. Qc8+ Rg8 36. Qc4 Bxe4 37. Qxe4 a5 38. Qxe3 Ra8 39. Qf3 Ra7 40. Qe3 Rb7 41. Qf3 Rb1+ 42. Kg2 Rb2+ 43. Kh3 Kg7 44. Qg4+ Kf6 45. Qh4+ Kf5 46. Qg4+ Kf6 47. Qh4+ Kg6 48. Qg4+ Kf6 1/2-1/2

[Event "Quebec op"]
[Site "Montreal CAN"]
[Date "2004.07.18"]
[Round "3"]
[White "Masse, Hugues"]
[Black "Libersan, Thierry"]
[Result "1/2-1/2"]
[WhiteElo "2231"]
[BlackElo "2016"]
[PlyCount "110"]
[GameId "2160767911095024"]
[EventDate "2004.07.17"]
[EventType "swiss"]
[EventRounds "9"]
[EventCountry "CAN"]

1. d4 d5 2. c4 e5 3. dxe5 d4 4. Nf3 Nc6 5. g3 Bg4 6. Bg2 Qd7 7. O-O O-O-O 8. Nbd2 Be7 9. Qa4 Bh3 10. b4 Bxg2 11. Kxg2 Bxb4 12. Rb1 Bxd2 13. Bxd2 Nge7 14. Rb5 h5 15. Rfb1 b6 16. h4 Kb7 17. c5 d3 18. e4 Nd4 19. Nxd4 Qxd4 20. R1b4 Qd7 21. cxb6 axb6 22. Be3 Nc8 23. Qd1 Rhe8 24. f4 Qc6 25. Rc5 Qe6 26. Qd2 g6 27. a4 Rd7 28. a5 Red8 29. Rc3 g5 30. fxg5 Qxe5 31. Ra3 Qe7 32. axb6 cxb6 33. Rab3 Qe6 34. Rb2 Rd6 35. Ra4 Rc6 36. Bf4 Rc4 37. Rxc4 Qxc4 38. Rb4 Qc6 39. Kh2 Qe6 40. Kg2 Ne7 41. Be3 Rd6 42. Kh2 Ng6 43. Kg2 Qg4 44. Kf2 Ne5 45. Bxb6 Qf3+ 46. Ke1 Rxb6 47. Rxb6+ Kxb6 48. Qb2+ Kc6 49. Qc3+ Kd7 50. Qd4+ Kc8 51. Qc5+ Kd8 52. Qa5+ Kd7 53. Qd5+ Kc8 54. Qc5+ Kd8 55. Qa5+ Kd7 1/2-1/2

[Event "Quebec op"]
[Site "Montreal CAN"]
[Date "2004.07.18"]
[Round "3"]
[White "Nguyen, Minh Ly"]
[Black "Pilotte, Benoit"]
[Result "0-1"]
[WhiteElo "1576"]
[BlackElo "1793"]
[PlyCount "90"]
[GameId "2160767911095025"]
[EventDate "2004.07.17"]
[EventType "swiss"]
[EventRounds "9"]
[EventCountry "CAN"]
[SourceTitle "EXT 2009"]
[Source "ChessBase"]
[SourceDate "2008.11.26"]
[SourceVersion "1"]
[SourceVersionDate "2008.11.26"]
[SourceQuality "1"]

1. d4 Nf6 2. c4 e5 3. dxe5 Ng4 4. Bf4 Bb4+ 5. Nd2 Nc6 6. Ngf3 Qe7 7. e3 Ngxe5 8. Be2 O-O 9. a3 Bd6 10. O-O b6 11. b4 Bb7 12. Re1 Rae8 13. Nd4 f5 14. Nb5 h6 15. Nxd6 Qxd6 16. Nb3 Qe7 17. Nd4 Nxd4 18. exd4 Nf7 19. Bd2 Qf6 20. Bc3 Ng5 21. Qb3 Bxg2 22. Kxg2 Qg6 23. h3 Nxh3+ 24. Kxh3 Rxe2 25. Rxe2 Qg4+ 26. Kh2 Qxe2 27. c5+ Kh7 28. Be1 Re8 29. Qg3 Re4 30. Qh3 Rg4 31. Qe3 Qf1 32. Qg3 Rxg3 33. Kxg3 Qd3+ 34. Kg2 Qxd4 35. Rc1 bxc5 36. Rxc5 Qe4+ 37. Kf1 c6 38. Ra5 f4 39. Rxa7 f3 40. a4 Qe2+ 41. Kg1 Qxe1+ 42. Kh2 Qxf2+ 43. Kh3 Qg2+ 44. Kh4 g5+ 45. Kh5 Qh3# 0-1

[Event "Quebec op"]
[Site "Montreal CAN"]
[Date "2004.07.18"]
[Round "3"]
[White "Ramaswamy, Kishor"]
[Black "Pepin, Christian"]
[Result "0-1"]
[WhiteElo "2094"]
[BlackElo "2156"]
[PlyCount "58"]
[GameId "2160767911095026"]
[EventDate "2004.07.17"]
[EventType "swiss"]
[EventRounds "9"]
[EventCountry "CAN"]

1. d4 f5 2. Bg5 h6 3. Bh4 g5 4. e3 Nf6 5. Bg3 Bg7 6. Bd3 e6 7. h4 d6 8. hxg5 hxg5 9. Rxh8+ Bxh8 10. Nd2 Qe7 11. c3 e5 12. dxe5 dxe5 13. Qc2 f4 14. Bh2 Be6 15. exf4 gxf4 16. O-O-O Nbd7 17. Bg6+ Bf7 18. Re1 O-O-O 19. Bxf4 Rg8 20. Bf5 Kb8 21. Ngf3 Nh5 22. Bg5 Qd6 23. Bxd7 Qxd7 24. Nxe5 Bxe5 25. Rxe5 Qd6 26. f4 Bg6 27. Qb3 Rh8 28. Qd5 Nxf4 29. Ne4 Qxe5 0-1

[Event "Quebec op"]
[Site "Montreal CAN"]
[Date "2004.07.18"]
[Round "3"]
[White "Sullivan, Neil"]
[Black "Singher, Jean-Pierre"]
[Result "1-0"]
[WhiteElo "2159"]
[BlackElo "1935"]
[PlyCount "87"]
[GameId "2160767911095027"]
[EventDate "2004.07.17"]
[EventType "swiss"]
[EventRounds "9"]
[EventCountry "CAN"]

1. e4 c5 2. Nc3 Nc6 3. d3 d6 4. g3 e6 5. Bg2 g6 6. Be3 Bg7 7. Qd2 Rb8 8. Nge2 Nd4 9. O-O h6 10. Nd1 Ne7 11. c3 Nxe2+ 12. Qxe2 O-O 13. f4 b6 14. Nf2 f5 15. Bd2 Kh7 16. Rae1 Bd7 17. g4 Qc7 18. h3 Rbe8 19. Nh1 Bc6 20. Qe3 Ng8 21. Ng3 Nf6 22. Bf3 Qb7 23. Rf2 d5 24. e5 d4 25. cxd4 cxd4 26. Bxc6 dxe3 27. Bxb7 exf2+ 28. Kxf2 Ng8 29. gxf5 gxf5 30. Rc1 Rf7 31. Bf3 Rd8 32. Rc6 Rxd3 33. Ke2 Rfd7 34. Bc3 Ne7 35. Rxe6 Ng6 36. Nh5 Rd1 37. Bc6 Rd8 38. Be8 Nf8 39. Re7 Rg1 40. e6 Rxe8 41. Rxe8 Bxc3 42. bxc3 Ng6 43. e7 Rg2+ 44. Kf1 1-0

[Event "Quebec op"]
[Site "Montreal CAN"]
[Date "2004.07.18"]
[Round "3"]
[White "Voskanyan, Vahagn"]
[Black "Berube, Antoine"]
[Result "1/2-1/2"]
[WhiteElo "2334"]
[BlackElo "2104"]
[PlyCount "122"]
[GameId "2160767911095028"]
[EventDate "2004.07.17"]
[EventType "swiss"]
[EventRounds "9"]
[EventCountry "CAN"]

1. e4 c5 2. Nf3 d6 3. d4 cxd4 4. Nxd4 Nf6 5. Nc3 a6 6. Be2 e5 7. Nb3 Be7 8. Be3 Be6 9. f4 exf4 10. Bxf4 O-O 11. Nd4 Qb6 12. Qd2 Nc6 13. O-O-O Ne5 14. Nf5 Bxf5 15. exf5 Qb4 16. Rhf1 Rac8 17. Be3 Ne4 18. Nxe4 Qxe4 19. Bd3 Qa4 20. Kb1 Nxd3 21. Qxd3 Bf6 22. Rf4 Qc6 23. Rf2 Rfe8 24. Bc1 Qb6 25. Re2 Rxe2 26. Qxe2 Qc6 27. g4 Re8 28. Qf2 Qc4 29. Qf3 Qe2 30. Qxe2 Rxe2 31. Bf4 Re4 32. Bxd6 Rxg4 33. Bg3 h5 34. a3 h4 35. Bb8 Re4 36. Rd7 b5 37. Rd6 Be5 38. Rd8+ Kh7 39. Bxe5 Rxe5 40. Rd4 Rxf5 41. Rxh4+ Kg6 42. c4 Kg5 43. Rd4 Rf1+ 44. Ka2 bxc4 45. Rxc4 f5 46. Ra4 Rh1 47. Rxa6 Rxh2 48. Ra7 Kf6 49. Ra8 f4 50. Rf8+ Kg5 51. a4 Kg4 52. a5 f3 53. Rf7 g5 54. Ka3 f2 55. a6 Kg3 56. b4 Rh1 57. Ka2 f1=Q 58. Rxf1 Rxf1 59. a7 Rf2+ 60. Kb3 Rf3+ 61. Ka2 Rf2+ 1/2-1/2

[Event "Quebec op"]
[Site "Montreal CAN"]
[Date "2004.07.18"]
[Round "3"]
[White "Yao, Sammy"]
[Black "Poulin, Maurice"]
[Result "0-1"]
[WhiteElo "1939"]
[BlackElo "2043"]
[PlyCount "126"]
[GameId "2160767911095029"]
[EventDate "2004.07.17"]
[EventType "swiss"]
[EventRounds "9"]
[EventCountry "CAN"]

1. e4 g6 2. d4 Bg7 3. Nf3 d6 4. c4 Bg4 5. Be2 Nc6 6. Be3 e5 7. d5 Bxf3 8. gxf3 Nd4 9. Na3 c5 10. Nc2 Nf6 11. Qd2 Qb6 12. O-O-O O-O-O 13. Qe1 h5 14. Rd3 Bh6 15. Qd2 Bxe3 16. fxe3 Nxc2 17. Qxc2 Rhe8 18. Rhd1 Kb8 19. Rb3 Qc7 20. Rdd3 Nh7 21. Ra3 Rf8 22. Qa4 b6 23. Rdb3 Qb7 24. Qb5 Qd7 25. Qa5 Qb7 26. Qa4 f5 27. Bd3 f4 28. exf4 Rxf4 29. Bf1 Rh4 30. f4 Rxf4 31. Rf3 g5 32. Rxf4 gxf4 33. Rh3 Nf6 34. Bg2 Qg7 35. Bf3 Qg1+ 36. Qd1 Qxd1+ 37. Kxd1 Rh8 38. b3 h4 39. Ke2 Rh6 40. Kf2 Nh7 41. Bg2 Ng5 42. Rd3 h3 43. Bf3 a6 44. a4 Kb7 45. Rd1 Nxf3 46. Kxf3 Rg6 47. Rd2 b5 48. axb5 axb5 49. Ra2 b4 50. Rf2 Rg1 51. Rb2 Kb8 52. Ra2 Kb7 53. Rb2 Kb6 54. Rc2 Rb1 55. Kg4 Rxb3 56. Kf5 Rc3 57. Rd2 b3 58. Ke6 Kc7 59. Rb2 Re3 60. Ke7 f3 61. Ke6 Rxe4 62. Rxb3 Rf4 63. Rb1 f2 0-1

[Event "Quebec op"]
[Site "Montreal CAN"]
[Date "2004.07.19"]
[Round "3"]
[White "Anastasovski, Nikola"]
[Black "Milicevic, Goran"]
[Result "0-1"]
[WhiteElo "2225"]
[BlackElo "2271"]
[PlyCount "134"]
[GameId "2160767911095030"]
[EventDate "2004.07.17"]
[EventType "swiss"]
[EventRounds "9"]
[EventCountry "CAN"]
[SourceTitle "CBM 101 Extra"]
[Source "ChessBase"]
[SourceDate "2004.09.01"]
[SourceVersion "2"]
[SourceVersionDate "2004.09.01"]
[SourceQuality "1"]

1. e4 e6 2. d4 d5 3. exd5 exd5 4. c4 Nf6 5. Nc3 c6 6. h3 Be7 7. Be3 O-O 8. c5 b6 9. b4 a5 10. a3 axb4 11. axb4 Rxa1 12. Qxa1 bxc5 13. bxc5 Bxc5 14. Bd3 Bb4 15. Nge2 Qa5 16. O-O Nbd7 17. Qb2 Bd6 18. Ra1 Qc7 19. Na4 Re8 20. Rc1 h6 21. Qd2 Nf8 22. Nac3 Qe7 23. Nd1 Bd7 24. Ng3 Bxg3 25. fxg3 Ne4 26. Bxe4 Qxe4 27. Rc3 Nh7 28. Nf2 Qg6 29. Bf4 Qb1+ 30. Rc1 Qb6 31. Kh2 Nf8 32. Be3 Bf5 33. g4 Be4 34. Rc3 Ng6 35. g3 Qb5 36. Rc5 Qa6 37. Rc1 Rb8 38. Nxe4 dxe4 39. Kg2 Rb3 40. Rc3 Rxc3 41. Qxc3 Qe2+ 42. Bf2 Ne7 43. Qe3 Qc2 44. Kf1 Nd5 45. Qe2 Qb1+ 46. Qe1 Qb5+ 47. Kg1 Qd3 48. Qf1 Qc3 49. Qd1 e3 50. Be1 Qc4 51. Kg2 Kf8 52. h4 g6 53. g5 hxg5 54. h5 Kg7 55. hxg6 Kxg6 56. g4 Nf4+ 57. Kf3 e2 58. Qb1+ Qd3+ 59. Qxd3+ Nxd3 60. Kxe2 Nxe1 61. Kxe1 f5 62. gxf5+ Kxf5 63. Kd2 Ke4 64. Kc3 g4 65. Kc4 g3 66. Kc5 g2 67. Kxc6 Kxd4 0-1